000 00670nam a22002057a 4500
999 _c20654
_d20654
003 AR-CdUCM
008 190601b ||||| |||| 00| 0 spa d
040 _aMUNICIPALIDAD PROVINCIAL DEL CUSCO
_cBIBLIOTECA MUNICIPAL DEL CUSCO
082 _aR912 /
_bA31
_25ed.
110 _aAGUILAR EDITORIAL
_943175
245 _aNuevo atlas mundial /
260 _aMadrid :
_bAguilar,
_c1962.
300 _a392 páginas;
_c32 cm.
_bIlustraciones.
505 _aContenido: El universo -- Geografía general -- Geografía continental y regional...
650 _aATLAS
_93723
650 _aMAPAS
_943176
650 _aCARTOGRAFÍA
_93722
942 _2ddc
_cLIBROS
945 _aJavier